| 000 -ლიდერი |
| ფიქსირებული სიგრძის საკონტროლო ველი |
01373nam a22002417a 4500 |
| 003 - საკონტროლო ნომრის იდენტიფიკატორი |
| საკონტროლო ველი |
Ge_BSU |
| 005 - ბოლო ოპერაციის თარიღი და დრო |
| საკონტროლო ველი |
20260202153307.0 |
| 008 - ფიქსირებული სიგრძის მონაცემთა ელემენტები - ზოგადი ინფორმაცია |
| ფიქსირებული სიგრძის საკონტროლო ველი |
260202s1959 ge ||||| |||| 00| 0 geo d |
| 041 ## - ენის კოდი |
| Language code of text/sound track or separate title |
geo |
| 080 ## - უნივერსალური ათობითი კლასიფიკაციის ინდექსი |
| Universal Decimal Classification number |
338(479.22)(09) გ-92 |
| 100 ## - მთავარი ჩანაწერი - პიროვნების სახელი |
| Personal name |
გუგუშვილი, პ. |
| 9 (RLIN) |
18004 |
| 245 ## - ცნობა სათაურის შესახებ |
| Title |
საქართველოსა და ამიერკავკასიის ეკონომიკური განვითარება XIX - XX საუკუნეებში : |
| Remainder of title |
ტომი 3. მონოგრაფიები. / |
| Statement of responsibility, etc |
პ. გუგუშვილი; რედ. ნ.ნარმანია. |
| 264 ## - წარმოების, გამოცემის, დისტრიბუციის და სხვა ცნობები |
| გამოცემის, წარმოების, დისტრიბუციის... ადგილი |
თბილისი: |
| გამოცემის, წარმოების, დისტრიბუციის... სახელწოდება |
სახელგამი, |
| გამოცემის, წარმოების, დისტრიბუციის... თარიღი |
1959. |
| 300 ## - ფიზიკური აღწერა |
| Extent |
878 გვ.; |
| Other physical details |
20 სმ. |
| 500 ## - ზოგადი შენიშვნა |
| General note |
გაშლილი თავფურც. რუს. ენ. |
| 501 ## - შენიშვნა თანმხლებ მასალაზე |
| With note |
დანართი: საძიებლები, გვ. 847-877. |
| 504 ## - BIBLIOGRAPHY, ETC. NOTE |
| Bibliography, etc |
ბიბლიოგრაფია შენიშვნებში. |
| 653 ## - INDEX TERM--UNCONTROLLED |
| Uncontrolled term |
საქართველოს ეკონომიკა |
| 653 ## - INDEX TERM--UNCONTROLLED |
| Uncontrolled term |
ამიერკავკასიის ეკონომიკა |
| 653 ## - INDEX TERM--UNCONTROLLED |
| Uncontrolled term |
საქართველოს ისტორია -- XIX-XXსს |
| 700 ## - ADDED ENTRY--PERSONAL NAME |
| Personal name |
ნარმანია, ნ. |
| Relator term |
რედაქტორი |
| 9 (RLIN) |
7457 |
| 942 ## - ADDED ENTRY ELEMENTS (KOHA) |
| Source of classification or shelving scheme |
|
| Koha item type |
წიგნი |